| 000 | 01999nam a2200229Ia 4500 | ||
|---|---|---|---|
| 001 | b6461-46451 | ||
| 003 | IT-MiCISF | ||
| 008 | 161014s9999||||xx |||||||||||||| ||und|| | ||
| 040 |
_aIT-MiCISF _cIT-MiCISF |
||
| 041 | _ait | ||
| 100 | _aPianu Graziella (a cura di) | ||
| 245 | 0 |
_aFamiglie in mutazione: la famiglia adottiva _bContributi per la formazione continua |
|
| 250 | _a1a ed. | ||
| 260 |
_a Milano _bFranco Angeli _c2008 |
||
| 300 | _app. 123 | ||
| 500 | _a / adozione, famiglia-adottiva, servizi-sociali, adozione-internazionale, esperienze, stato-di-abbandono, operatori-sociali, rapporti-operatori-utenti / Ai servizi pubblici territoriali viene demandato il compito di informazione e orientamento delle coppie richiedenti adozione nazionale e/o internazionale, di valutazione delle risorse e delle capacità genitoriali, di sostegno e potenziamento del nuovo ruolo genitoriale. Il volume presenta l'esperienza dell'Azienda USL Roma A, presso cui opera il Gruppo integrato di lavoro "Adozione e Affidamento", che coordina il lavoro di operatori sociali e sanitari. In questo ambito, la fase di preparazione delle coppie che intendono adottare un bambino rappresenta un percorso esplorativo delle risorse che una coppia può mettere in campo per fare il genitore di un bambino particolare. In questo percorso, gli operatori si pongono con una funzione di comprensione e di accoglienza anche di quelle fragilità che, nel tempo, possono trasformarsi in risorse. I materiali qui presentati costituiscono quindi un'importante occasione di approfondimento specialistico su questi temi, destinato agli operatori dei servizi territoriali, ai responsabili delle politiche locali, ai tecnici degli organismi di gestione, agli operatori e alle famiglie attive in enti e associazioni. | ||
| 650 |
_a Genitorialità e problemi educativi / adozione-affido _e004 |
||
| 700 | _aCavalli Simonetta (a cura di) | ||
| 700 | _aNeudam Sonia (a cura di) | ||
| 942 | _cBK | ||
| 957 | _71 | ||
| 999 |
_a46451 _bsi _g1 _c210581 _d210581 |
||